|
|
|
|
| LEADER |
01009nam a2200253 a 4500 |
| 001 |
GR-MES6781 |
| 008 |
000410s enk 000 0 gre d |
| 020 |
|
|
|a 0803959915
|
| 040 |
|
|
|a GrPaTEI
|b gre
|c GR-PaULI
|
| 040 |
|
|
|a GrPaTEI
|b gre
|c GR-PaULI
|
| 245 |
0 |
0 |
|a Intercultural interactions :
|b Apractical guide /
|c Kenneth Cushner / Richard W.Brislin
|n 2η εκδ.
|
| 260 |
|
|
|a London :
|b Sage publications,
|c 1996
|
| 300 |
|
|
|a 365 σελ.
|
| 490 |
0 |
|
|a Cross-cultural research and methodology. 9
|
| 500 |
|
|
|a Ευρετήριο σελ.(357-365)
|
| 650 |
|
4 |
|a Διαπολιτισμική Επικοινωνία
|
| 650 |
|
4 |
|a Ενθολογία
|
| 650 |
|
4 |
|a ΜΕΘΟΔΟΛΟΓΙΑ
|
| 700 |
0 |
|
|a Brislin,R.
|
| 700 |
0 |
|
|a Cushner,R.
|
| 942 |
|
|
|2 ddc
|
| 952 |
|
|
|0 0
|1 0
|2 ddc
|4 0
|6 303_482000000000000_CUS
|7 0
|9 277127
|a MSLG
|b MSLG
|c BSC
|d 2021-01-17
|e 24
|f 0
|g 0.00
|l 0
|o 303.482 CUS
|p 2420000015889
|r 2021-01-17 00:00:00
|t 1
|w 2021-01-17
|y BK15
|x 20000410 0 1
|x GrPaTEI
|
| 971 |
|
|
|a .b25852504
|b 15-04-20
|c 14-09-16
|
| 999 |
|
|
|c 160958
|d 160958
|